000 00381cam a22001097a 4500
008 180718b1971 xxu||||| |||| 00| 0 eng d
082 _aG22x5444 M999/1967-1971
245 _aThe Mysore Legislative Assembly: a review, 1967-1971
_cby Legislature Secretariat, Mysore
260 _aBangalore
_bLegislature Secretariat
_c1971
300 _a344+p
700 _aMysore. Legislature Secretariat
999 _c490851
_d490851